Catálogo
 En Linea

San Juan Poly/Graphic Triennial : (Registro nro. 40371)

Detalles MARC
000 -CABECERA
campo de control de longitud fija 00801nam a2200193 a 4500
001 - NÚMERO DE CONTROL
campo de control 000040881
005 - FECHA Y HORA DE LA ÚLTIMA TRANSACCIÓN
campo de control 20201002034440.0
008 - DATOS DE LONGITUD FIJA--INFORMACIÓN GENERAL
campo de control de longitud fija 130910s2005 pr ac 000 0 spa d
020 ## - NÚMERO INTERNACIONAL ESTÁNDAR DEL LIBRO
ISBN cancelado o inválido 0865816123
040 ## - FUENTE DE LA CATALOGACIÓN
Centro catalogador/agencia de origen DO-SdBNP
Lengua de catalogación spa
Centro/agencia transcriptor BNPHU
082 ## - NÚMERO DE LA CLASIFICACIÓN DECIMAL DEWEY
Número de clasificación xxx
Número de documento/Ítem xxx
111 1# - ENTRADA PRINCIPAL--NOMBRE DE CONGRESO/REUNIÓN
Nombre de congreso/reunión o jurisdicción como elemento de entrada San Juan Poly/Graphic Triennial: latin America and the Caribbean
Fecha del congreso/reunión (December 4, 2004 to March 6, 2005
Sede del congreso/Lugar de la reunión San Juan, Puerto Rico).
9 (RLIN) 67309
245 10 - MENCIÓN DE TÍTULO
Título San Juan Poly/Graphic Triennial :
Resto del título Latin America and the Caribbean /
Mención de responsabilidad, etc. Antonio Berni, Beatriz González.
246 00 - FORMA VARIANTE DE TÍTULO
Título propio/Titulo breve The Evolution of Harbingers in Latin American Graphics /
260 ## - PUBLICACIÓN, DISTRIBUCIÓN, ETC.
Lugar de publicación, distribución, etc. San Juan, Puerto Rico :
Nombre del editor, distribuidor, etc. Instituto de Cultura Puertorriqueña,
Fecha de publicación, distribución, etc. 2005.
300 ## - DESCRIPCIÓN FÍSICA
Extensión 1v. :
Otras características físicas il., retrs. ;
Dimensiones 28 cm.
700 1# - PUNTO DE ACCESO ADICIONAL--NOMBRE DE PERSONA
Nombre de persona Berni, Antonio
9 (RLIN) 67310
700 1# - PUNTO DE ACCESO ADICIONAL--NOMBRE DE PERSONA
Nombre de persona González, Beatriz
9 (RLIN) 67311
Existencias
Estado de retiro Estado de pérdida Restricciones de uso No para préstamo Código de colección Localización permanente Ubicación/localización actual Ubicación en estantería Fecha de adquisición Número de inventario Total de préstamos Signatura topográfica completa Código de barras Fecha visto por última vez Precio válido a partir de Tipo de ítem Koha
      Excluido de préstamo Monografías: Libros y Folletos General General En catalogación 10.09.2013 LF1   xxx xxx 40881-10 25.06.2020 25.06.2020 No se presta

Con tecnología Koha